Teología política e imagen / (Registro nro. 31115)

Detalles MARC
000 -LEADER
fixed length control field 03168nam a22002537a 4500
003 - CONTROL NUMBER IDENTIFIER
control field OSt
005 - DATE AND TIME OF LATEST TRANSACTION
control field 20251119151952.0
008 - FIXED-LENGTH DATA ELEMENTS--GENERAL INFORMATION
fixed length control field 251119b |||||||| |||| 00| 0 eng d
020 ## - INTERNATIONAL STANDARD BOOK NUMBER
International Standard Book Number 9789587837537
037 ## - SOURCE OF ACQUISITION
Source of stock number/acquisition Donación
040 ## - CATALOGING SOURCE
Original cataloging agency CO-JMCR
Language of cataloging spa
Transcribing agency CO-JMCR
Modifying agency CO-JMCR
Description conventions rda
082 04 - DEWEY DECIMAL CLASSIFICATION NUMBER
Classification number 322.1
Item number P25t
100 1# - MAIN ENTRY--PERSONAL NAME
Personal name Parra, Lisímaco
9 (RLIN) 44438
245 10 - TITLE STATEMENT
Title Teología política e imagen /
Statement of responsibility, etc. Lisímaco Parra, Martin Treml.
260 ## - PUBLICATION, DISTRIBUTION, ETC.
Place of publication, distribution, etc. Bogotá:
Name of publisher, distributor, etc. Universidad de Los Andes (Colombia),
Date of publication, distribution, etc. 2019
300 ## - PHYSICAL DESCRIPTION
Extent 445 páginas ;
Dimensions 24 cm.
505 0# - FORMATTED CONTENTS NOTE
Formatted contents note ¿Qué es política o fue luhmann apolítico? -- Teología política e imagen: ¿Del arsenal al laboratorio? -- La gramática del asentimiento -- Decisionismo y deliberación: Dos formas de representación política -- El populismo y la radicalización de la democracia -- El estado epistemológico de la religión en una democracia autosuficiente: El debate sobre la tesis de Jürgen Habermas -- De la teología al politeísmo político. Consideraciones escépticas a partir de Odo Marquard -- Los símbolos de la democracia. Sobre la crítica de Jacob Taubes a Carl Schmitt -- Acerca del concepto de la teología política en Carl Schmitt, Erik Peterson y Giorgio Agamben -- La naturaleza y el dominio de Dios -- El Imam como icono. La imaginación y la comunidad en Henry Corbin -- Imagen y teología política: Diluyendo malentendidos -- Ambivalente poder de la imagen: de lo sagrado a lo siniestro -- La imaginación performativa: figura e imagen de Ignacio de Loyola -- Paganismo triunfante. Aby Warburg y la imagen del papa como emperador -- El ejemplo de palmira.
520 3# - SUMMARY, ETC.
Summary, etc. Teología política e imagen nos pone tras la pista de orígenes religiosos de nuestros sistemas de dominación. La actualidad de la relación entre los conceptos de la teoría moderna del Estado y algunos conceptos teológicos no se debe exclusivamente a que, en su versión secularizada, el Estado parece haber incumplido su misión unificadora, sino también a la inminencia de proyectos teocráticos que resultan tan amenazantes como incomprensibles.<br/>Por su parte, la relación entre la teología política y la imagen apenas comienza a explorarse en l academia hispanoamericana. Una de las aproximaciones comunes se centra en la iconoclastia, pero esa es sólo una capa superficial del asunto. La imagen es parte obligada del análisis teológico – político debido que accede a estratos de la personalidad difíciles de alcanzar para un discurso argumentativo. Los teóricos de la imagen, desde Aby Warburg hasta Hans Belting, han mostrado que las imágenes pueden representar estados de cosas complejos sin omitir el pathos que, como padecimiento y pasión, les es inherente. Las imágenes son visionarias, pero también productos ambivalentes del trabajo con los sueños y la cautivación: son satisfacción de deseos reprimidos, así como deformaciones traumáticas d estos. Precisamente por ello adecuadas como parámetros de lo político.
650 07 - SUBJECT ADDED ENTRY--TOPICAL TERM
Topical term or geographic name entry element Derecho Constitucional
Geographic subdivision Colombia
Source of heading or term JMCR
9 (RLIN) 8125
650 07 - SUBJECT ADDED ENTRY--TOPICAL TERM
Topical term or geographic name entry element Teología
Source of heading or term JMCR
9 (RLIN) 43744
650 07 - SUBJECT ADDED ENTRY--TOPICAL TERM
Topical term or geographic name entry element Política
Source of heading or term JMCR
700 1# - ADDED ENTRY--PERSONAL NAME
Personal name Treml, Martin,
9 (RLIN) 44439
942 ## - ADDED ENTRY ELEMENTS (KOHA)
Koha item type Books
Source of classification or shelving scheme Dewey Decimal Classification
Existencias
Withdrawn status Lost status Source of classification or shelving scheme Damaged status Not for loan Collection code Home library Current library Shelving location Date acquired Total Checkouts Full call number Barcode Date last seen Copy number Price effective from Koha item type
    Dewey Decimal Classification     Non-fiction Biblioteca Pública José María del Castillo y Rada Biblioteca Pública José María del Castillo y Rada Book Cart 11/19/2025   322.1 P25t 201812621 11/19/2025 Ej.1 11/19/2025 Books